[Event "Vienna op-B 14th"]
[Site "Vienna"]
[Date "2003.08.21"]
[Round "6"]
[White "Hampel, Otfried"]
[Black "Forer, Lorenz"]
[Result "1-0"]
[WhiteElo "1914"]
[BlackElo "1980"]
[PlyCount "85"]
[EventDate "2003.08.16"]
[EventType "swiss"]
[EventRounds "9"]
[EventCountry "AUT"]
[SourceTitle "CBM 095 Extra"]
[Source "ChessBase"]
[SourceDate "2003.09.04"]
[SourceVersion "1"]
[SourceVersionDate "2003.09.04"]
[SourceQuality "1"]

1. e4 g6 2. d4 Bg7 3. Nc3 d6 4. Be3 Nf6 5. f3 0-0 6. Qd2 e5 7. 0-0-0 exd4 8. Bxd4 Nc6 9. Be3 Re8 10. Nge2 a5 11. h4 Ne5 12. Nd4 Be6 13. Nxe6 Rxe6 14. Bg5 a4 15. a3 h5 16. f4 Nc6 17. Bc4 Rxe4 18. Nxe4 Nxe4 19. Bxf7+ Kf8 20. Bxd8 Nxd2 21. Rxd2 Kxf7 22. Bxc7 Bd4 23. Re1 Re8 24. Rde2 Rxe2 25. Rxe2 Bc5 26. Kd2 b5 27. Kd3 Nd4 28. Re4 Ne6 29. Ba5 Bf2 30. Bb4 d5 31. Re5 Nxf4+ 32. Kd2 Bxh4 33. Ke3 Bg3 34. Kf3 h4 35. Re7+ Kf6 36. Rb7 g5 37. Bd6 Kf5 38. Bxf4 g4+ 39. Ke2 Bxf4 40. Rxb5 Ke4 41. Rb4+ d4 42. Rxa4 g3 43. Ra8 1-0

[Event "Vienna op-B 14th"]
[Site "Vienna"]
[Date "2003.08.20"]
[Round "5"]
[White "Forer, Lorenz"]
[Black "Wurzenberger, Leopold"]
[Result "0-1"]
[WhiteElo "1980"]
[BlackElo "1869"]
[PlyCount "91"]
[EventDate "2003.08.16"]
[EventType "swiss"]
[EventRounds "9"]
[EventCountry "AUT"]
[SourceTitle "CBM 095 Extra"]
[Source "ChessBase"]
[SourceDate "2003.09.04"]
[SourceVersion "1"]
[SourceVersionDate "2003.09.04"]
[SourceQuality "1"]

1. e4 e5 2. Nf3 Nc6 3. Bb5 a6 4. Ba4 Nf6 5. 0-0 b5 6. Bb3 Be7 7. Re1 0-0 8. a4 Bb7 9. d3 h6 10. Nc3 Bb4 11. Bd2 d6 12. axb5 Nd4 13. Nxd4 exd4 14. Ne2 Bc5 15. bxa6 Bxa6 16. Ng3 Bb7 17. Qf3 Rxa1 18. Rxa1 Bc8 19. Ra8 Nd7 20. Nf5 Qf6 21. Qg3 Kh7 22. Ra1 Ne5 23. f4 Ng6 24. Bd5 Bd7 25. Ra6 Rb8 26. b3 Bb6 27. Qh3 c6 28. Bc4 d5 29. g4 Bxf5 30. gxf5 Ne7 31. exd5 cxd5 32. Bb5 Nxf5 33. Qf3 Ne3 34. Ra2 Bc7 35. Ra6 Qh4 36. Bd7 Bxf4 37. h3 Qg5+ 38. Kf2 Rb7 39. Bc6 Rc7 40. b4 Re7 41. Ra1 Qh4+ 42. Kg1 Re6 43. Bd7 Rf6 44. Be1 Qg5+ 45. Kh1 Be5 46. h4 0-1

[Event "Vienna op-B 14th"]
[Site "Vienna"]
[Date "2003.08.19"]
[Round "4"]
[White "Scherr, Johann"]
[Black "Forer, Lorenz"]
[Result "0-1"]
[WhiteElo "1843"]
[BlackElo "1980"]
[PlyCount "116"]
[EventDate "2003.08.16"]
[EventType "swiss"]
[EventRounds "9"]
[EventCountry "AUT"]
[SourceTitle "CBM 095 Extra"]
[Source "ChessBase"]
[SourceDate "2003.09.04"]
[SourceVersion "1"]
[SourceVersionDate "2003.09.04"]
[SourceQuality "1"]

1. e4 g6 2. d4 Bg7 3. f4 d6 4. Be3 Nf6 5. Nc3 Ng4 6. Qd2 Nd7 7. Nf3 Nxe3 8. Qxe3 c5 9. Bb5 cxd4 10. Nxd4 Qb6 11. 0-0-0 0-0 12. h4 Qc5 13. Nd5 e5 14. b4 exd4 15. Ne7+ Kh8 16. bxc5 dxe3 17. Nxc8 Raxc8 18. Bxd7 Rxc5 19. Rhe1 Rd8 20. Bg4 h5 21. Bf3 Rdc8 22. Re2 Ra5 23. Rxe3 Rxa2 24. e5 Rcxc2+ 25. Kb1 Rcb2+ 26. Kc1 dxe5 27. Rd8+ Kh7 28. Bd5 exf4 29. Bxa2 fxe3 30. Bxf7 Rxg2 31. Re8 Bh6 32. Kd1 Rd2+ 33. Ke1 Rd7 34. Bg8+ Kg7 35. Bb3 a6 36. Ke2 b5 37. Rg8+ Kf6 38. Re8 Rd6 39. Rh8 Bf4 40. Kf3 Rd3 41. Bc2 e2+ 42. Kxe2 Rd2+ 43. Kf3 Rxc2 44. Kxf4 Rc4+ 45. Kg3 Rg4+ 46. Kh3 a5 47. Rb8 Rb4 48. Kg3 a4 49. Rb6+ Kf5 50. Rb8 Rb3+ 51. Kg2 a3 52. Rf8+ Kg4 53. Rg8 Rg3+ 54. Kh2 Kxh4 55. Rb8 Rb3 56. Rb6 g5 57. Rd6 a2 58. Rd2 a1Q 0-1

[Event "Vienna op-B 14th"]
[Site "Vienna"]
[Date "2003.08.17"]
[Round "2"]
[White "Leupold, Christian"]
[Black "Forer, Lorenz"]
[Result "0-1"]
[WhiteElo "1812"]
[BlackElo "1980"]
[PlyCount "70"]
[EventDate "2003.08.16"]
[EventType "swiss"]
[EventRounds "9"]
[EventCountry "AUT"]
[SourceTitle "CBM 095 Extra"]
[Source "ChessBase"]
[SourceDate "2003.09.04"]
[SourceVersion "1"]
[SourceVersionDate "2003.09.04"]
[SourceQuality "1"]

1. d4 Nf6 2. c4 g6 3. Nc3 Bg7 4. e4 d6 5. f4 c5 6. dxc5 Qa5 7. Bd3 Qxc5 8. Nf3 0-0 9. Qe2 Nbd7 10. Be3 Qc7 11. Rc1 b6 12. Nd5 Qd8 13. 0-0 e6 14. Nc3 Bb7 15. Rfd1 Nc5 16. Bxc5 bxc5 17. Bb1 Qe7 18. Rd2 Rfd8 19. Rcd1 a6 20. Na4 Qc7 21. e5 Bxf3 22. Qxf3 dxe5 23. Rxd8+ Rxd8 24. Rxd8+ Qxd8 25. fxe5 Qd4+ 26. Kh1 Ng4 27. h3 Nf2+ 28. Kh2 Bxe5+ 29. g3 Nd1 30. b3 h5 31. Nxc5 Qxc5 32. Qxd1 Qf2+ 33. Kh1 Qxg3 34. Qe2 Qxh3+ 35. Kg1 Bd4+ 0-1

[Event "Vienna op-B 14th"]
[Site "Vienna"]
[Date "2003.08.16"]
[Round "1"]
[White "Forer, Lorenz"]
[Black "Karaba, David"]
[Result "1/2-1/2"]
[WhiteElo "1980"]
[BlackElo "1821"]
[PlyCount "74"]
[EventDate "2003.08.16"]
[EventType "swiss"]
[EventRounds "9"]
[EventCountry "AUT"]
[SourceTitle "CBM 095 Extra"]
[Source "ChessBase"]
[SourceDate "2003.09.04"]
[SourceVersion "1"]
[SourceVersionDate "2003.09.04"]
[SourceQuality "1"]

1. e4 e5 2. Nf3 Nc6 3. d4 exd4 4. Nxd4 Bc5 5. Be3 Bb6 6. Nc3 d6 7. Bc4 Nf6 8. f3 0-0 9. Qd2 Nxd4 10. Bxd4 Bxd4 11. Qxd4 Be6 12. 0-0-0 Qe7 13. h4 h5 14. Nd5 Nxd5 15. Bxd5 c6 16. Bc4 Bxc4 17. Qxc4 Rad8 18. Rd2 Qe5 19. Qd4 Qxd4 20. Rxd4 f5 21. exf5 Rxf5 22. Re1 d5 23. Re7 Rf7 24. Re5 g6 25. Rd3 Rdf8 26. Rde3 a6 27. Rb3 Kg7 28. Re6 Rd7 29. Kd2 Rf6 30. Re8 Rf8 31. Re5 Kf6 32. Rbe3 Rff7 33. Re6+ Kg7 34. R3e5 Rf6 35. Re8 Rf8 36. Kd3 Rxe8 37. Rxe8 Kf7 1/2-1/2